[Event "Loire-ch op 0506"]
[Site "Loire"]
[Date "2005.11.27"]
[Round "1"]
[White "Furnon, Yannick"]
[Black "Zennaf, Karim"]
[Result "0-1"]
[WhiteElo "1499"]
[BlackElo "1199"]
[PlyCount "62"]
[EventDate "2005.11.27"]
[EventType "swiss"]
[EventRounds "6"]
[EventCountry "FRA"]
[SourceTitle "EXT 2008"]
[Source "ChessBase"]
[SourceDate "2007.11.25"]
[SourceVersion "1"]
[SourceVersionDate "2007.11.25"]
[SourceQuality "1"]

1. e4 d6 2. d4 Nf6 3. Nc3 g6 4. Be3 Bg7 5. h3 0-0 6. Qd2 Re8 7. g4 e5 8. Nge2 a6 9. h4 h5 10. Bg5 Qd7 11. gxh5 Nxh5 12. Bh3 Qc6 13. d5 Qb6 14. Na4 Qb5 15. Nec3 Qb4 16. a3 Qd4 17. Qxd4 exd4 18. Ne2 Bxh3 19. Rxh3 b5 20. Nc5 dxc5 21. Ng3 Nxg3 22. Rxg3 Be5 23. f4 Bxf4 24. Rg4 Bxg5 25. hxg5 Nd7 26. Kd2 Kg7 27. Rf1 Rh8 28. Rf2 Ne5 29. Rgf4 Rh3 30. Rf6 a5 31. Rg2 Rf3 0-1